000
00398cam a2200169ua 4500
041
_a
eng
_h
082
_a
823.308
_b
ALC/LI
100
_a
Alcott, Louisa M .
245
_a
Little women /
_c
Louisa M Alcott.
_h
Textual Documents
260
_a
London :
_b
Longman ,
_c
1962.
300
_a
142 ; .
504
_a
942
_c
BK
999
_c
4001
_d
4001